000 00645cam a22002053a 4500
001 46037
003 PGUSA
005 20140828084057.0
008 140619s2014||||xxu|||||s|||||000 | eng d
040 _aPGUSA
_beng
042 _adc
100 1 _aKeynes, John Maynard,
_d1883-1946
245 1 2 _aA Revision of the Treaty :
_bBeing a Sequel of The Economic Consequence of the Peace
_h[electronic resource] /
_cJohn Maynard Keynes
260 _bProject Gutenberg,
_c2014
506 _aPublic domain in the USA.
516 _aElectronic text
830 0 _aProject Gutenberg
_v46037
856 4 0 _uhttp://www.gutenberg.org/ebooks/46037
942 _cEB
999 _c275286
_d275286